000 00641nam a2200193 a 4500
001 000956063
003 AM-YeHGA
005 20250617145929.0
008 130403s1974 ||| r 000 0 rus d
040 _aAM-YeHGA
041 0 _arus
100 1 _aСыргабаева, Загипа Раимбердиновна
245 1 0 _aЛабораторная диагностика токсоплазмоза у людей /
_cЗ.Р. Сыргабаева.
260 _aАлма-Ата :
_bКазахстан,
_c1974.
300 _a155 с.
504 _aБиблиогр.: с. 148-154
653 0 _aТоксоплазмоз
090 _c322734
999 _c320995
_d320995